00339pam a2200133 a 4500020001500000082001200015100001900027245002600046260003300072300002700105650002600132700001800158700002900176 a071672079500a546 SHR1 aShriver, D. F.10aInorganic chemistry / aNew York :bFreeman,cc1990. axiii, 706 p. :bill. ; 0aChemistry, Inorganic.1 aAtkins, P. W.1 aLangford, Cooper Harold,